000 00640nam a22002177a 4500
003 UA-OsUOA
001 46398
007 ta
008 20070614b un ||||| |||| 00| 0 ukr d
100 _aНаумов Д.
090 _a330
_bН-11
942 _cSA
040 _aUA-OsUOA
_bukr
_cUA-OsUOA
_dUA-OsUOA
245 _aРізниця та взаємозвязок між поняттями "невизначеність", "непевність" і "ризик"
300 _aС,27-37 с.
955 _a0
041 _aukr
080 _a330
773 0 _w46387
650 7 _a330 Економіка взагалі
_2UDC
999 _c332493
_d332493